| 000 | 02159nam0a2200385 i 4500 | ||
|---|---|---|---|
| 001 | RU\NLR\bibl\2076258 | ||
| 005 | 20260407082208.0 | ||
| 010 |
_a9785777915078 _9100 |
||
| 021 |
_aRU _b2013-65979 _94515 |
||
| 035 | _a(nilc)RuMoRGB-006631075 | ||
| 035 | _a(NLR Aleph) 002062049 | ||
| 090 |
_a4687621 _c4687621 |
||
| 100 | _a20131026d2013 u y0rusy50 ca | ||
| 101 | 0 |
_arus _afre |
|
| 102 | _aRU | ||
| 105 | _ay ||||||||| | ||
| 200 | 1 |
_aЖизнь в профессии _dLa vie professionnelle _eработа, трудоустройство, трудовое право _eучебно-методическое пособие по французскому языку _fМ-во образования и науки Рос. Федерации, Федер. гос. бюджет. образоват. учреждение высш. проф. образования Ом. гос. ун-т им. Ф. М. Достоевского _g[сост.: О. М. Квашнина] _zfre |
|
| 210 |
_aОмск _cИзд-во Омского государственного университета _d2013 |
||
| 215 |
_a285 с. _d21 |
||
| 320 | _aБиблиогр.: с. 280-281 | ||
| 510 | 1 |
_aLa vie professionnelle _zfre |
|
| 606 | 1 |
_aФранцузский язык _jУчебные издания для высших учебных заведений _xРазговорные темы _92385356 _3RU\NLR\AUTH\661422887 |
|
| 606 |
_aФранцузский язык _jУчебные издания для высших учебных заведений _xСтилистика деловой речи _92463438 _3RU\NLR\AUTH\661463599 |
||
| 686 | 1 | _aШ147.11-93рус3-6 | |
| 686 | 1 | _aШ147.11-93рус3-70 | |
| 702 | 1 |
_aКвашнина _bО.М. _gОльга Михайловна |
|
| 712 | 0 | 2 |
_4570 _aОмский государственный университет им. Ф. М. Достоевского _3RU\NLR\AUTH\888112 _9288535 |
| 801 | 0 |
_aRU _bRuMoRKP _c20130819 _gRCR |
|
| 801 | 2 |
_aRU _bРГБ _c20130820 |
|
| 801 | 1 |
_aRU _bRuMoRKP _c20130819 _2rusmarc |
|
| 801 | 2 |
_aRU _bNLR _c20130927 _grcr |
|
| 942 | _cBOOK | ||
| 980 | _aNBR | ||